000 01044nam a2200265Ia 4500
001 ebr10044770
003 CaPaEBR
006 m u
007 cr cn|||||||||
008 031217s2002 vau gs 000 0 eng d
020 _z0871209012
040 _aCaPaEBR
_cCaPaEBR
035 _a(OCoLC)54360215
050 1 4 _aLB1060
_b.G58 2002eb
100 1 _aGiven, Barbara K.,
_d1935-
245 1 0 _aTeaching to the brain's natural learning systems
_h[electronic resource] /
_cBarbara K. Given.
260 _aAlexandria, Va. :
_bAssociation for Supervision & Curriculum Development,
_c2002.
300 _a178 p.
533 _aElectronic reproduction.
_bPalo Alto, Calif. :
_cebrary,
_d2009.
_nAvailable via World Wide Web.
_nAccess may be limited to ebrary affiliated libraries.
650 0 _aLearning, Psychology of.
650 0 _aBrain.
655 7 _aElectronic books.
_2local
710 2 _aebrary, Inc.
856 4 0 _uhttp://site.ebrary.com/lib/rucke/Doc?id=10044770
_zAn electronic book accessible through the World Wide Web; click to view
999 _c75064
_d75064